[Event "Tourn. n8759"]
[Site "www.chess-mail.com"]
[Date "2016.05.14"]
[Round "1"]
[White "Faerieking"]
[Black "Yangqi"]
[WhiteElo "2270"]
[BlackElo "2690"]
[Result "0-1"]
[Round "1"]
1.e4 d5
2.exd5 Qd8xd5
3.Ng1f3 Bc8g4
4.Bf1e2 Nb8c6
5.c4 Qd5d7
6.d4 e6
7.O-O O-O-O
8.Bc1e3 Bg4xf3
9.Be2xf3 Nc6xd4
10.Be3xd4 Qd7xd4
11.Qd1e2 Ng8f6
12.a3 Qd4d3
13.Qe2e5 Qd3xc4
14.Nb1c3 Bf8d6
{ resign }
0-1

[Event "Tourn. n8726"]
[Site "www.chess-mail.com"]
[Date "2016.05.14"]
[Round "1"]
[White "Elogic"]
[Black "Coventry"]
[WhiteElo "1830"]
[BlackElo "1950"]
[Result "0-1"]
[Round "1"]
1.g3 c5
2.e3 d5
3.d4 e6
4.b3 Nb8c6
5.c3 Ng8f6
6.f3 Bf8e7
7.Bc1d2 O-O
8.c4 cxd4
9.exd4 dxc4
10.bxc4 Qd8xd4
11.Nb1c3 a6
12.a4 Rf8d8
 { time }
0-1

[Event "Tourn. n8761"]
[Site "www.chess-mail.com"]
[Date "2016.05.14"]
[Round "1"]
[White "Paul30"]
[Black "Bojan"]
[WhiteElo "2010"]
[BlackElo "1850"]
[Result "1-0"]
[Round "1"]
1.d4 g6
2.c4 Ng8f6
3.Nb1c3 b6
4.e4 Bc8b7
5.Bf1d3 h6
6.Ng1f3 Bf8g7
7.e5 Nf6h7
8.O-O e6
9.Rf1e1 Nb8a6
10.Bd3e4 Bb7xe4
11.Re1xe4 O-O
12.Qd1a4 Na6b8
13.Re4e1 f6
14.exf6 Nh7xf6
15.d5 exd5
16.cxd5 d6
17.Qa4c2 Nb8d7
18.Qc2xg6 Rf8f7
19.Bc1xh6 Kh8
20.Qg6xf7 Bg7xh6
21.Nf3h4 Qd8g8
22.Nh4g6 { resign }
1-0

[Event "Match"]
[Site "www.echecsemail.com"]
[Date "2016.05.14"]
[Round "1"]
[White "Mitja"]
[Black "Attatroll"]
[WhiteElo "1880"]
[BlackElo "1970"]
[Result "1/2-1/2"]
[Round "1"]
1.d4 e5
2.dxe5 Nb8c6
3.Ng1f3 Qd8e7
4.Qd1d5 Qe7b4
5.c3 Qb4b6
6.Nf3g5 Ng8h6
7.Nb1d2 d6
8.Nd2b3 Nc6e7
9.Qd5e4 Bc8f5
10.Qe4f4 O-O-O
11.exd6 Qb6xd6
12.Qf4xd6 Rd8xd6
13.e3 f6
14.Ng5f3 Ne7c6
{ draw }
1/2-1/2

[Event "Match"]
[Site "www.echecsemail.com"]
[Date "2016.05.14"]
[Round "1"]
[White "Snickers"]
[Black "Calponas"]
[WhiteElo "1809"]
[BlackElo "2100"]
[Result "1/2-1/2"]
[Round "1"]
1.e4 c5
2.Ng1f3 Nb8c6
3.Bf1b5 Nc6d4
4.Nf3xd4 cxd4
5.O-O a6
6.Bb5e2 e5
7.d3 d6
8.f4 Ng8f6
9.fxe5 dxe5
10.Nb1d2 Bc8e6
11.Nd2f3 Bf8d6
12.Nf3g5 Be6d7
13.a3 h6
14.Ng5f3 Ra8c8
15.Bc1d2 O-O
16.c4 b5
17.b3 Qd8e7
18.cxb5 axb5
19.b4 Kh7
20.Ra1c1 Rc8xc1
21.Qd1xc1 Rf8c8
22.Qc1b2 Nf6e8
23.Be2d1 f5
24.Bd1e2 Ne8f6
25.exf5 Bd7xf5
26.Rf1c1 Rc8xc1
27.Qb2xc1 { draw }
1/2-1/2

[Event "Match"]
[Site "www.echecsemail.com"]
[Date "2016.05.14"]
[Round "1"]
[White "Milkyway"]
[Black "Gilliere"]
[WhiteElo "1809"]
[BlackElo "1940"]
[Result "1/2-1/2"]
[Round "1"]
1.Ng1f3 Ng8f6
2.c4 g6
3.b3 Bf8g7
4.Bc1b2 O-O
5.g3 d6
6.Bf1g2 Nb8d7
7.O-O e5
8.d3 Ra8b8
9.Nb1d2 b6
10.Qd1c2 Bc8b7
11.b4 Rf8e8
12.a3 e4
13.dxe4 Nf6xe4
14.Bb2xg7 Ne4xd2
15.Qc2xd2 Kxg7
16.Nf3d4 Bb7xg2
17.Kxg2 Qd8f6
18.e3 Nd7e5
19.Qd2c2 c5
20.Nd4b5 Re8e7
21.Rf1d1 Qf6f3
22.Kg1 cxb4
23.axb4 Re7d7
24.Ra1xa7 Rd7xa7
25.Nb5xa7 Qf3f6
26.Na7b5 Rb8d8
27.Qc2e2 Ne5f3
28.Kg2 Nf3e5
29.e4 Qf6e6
30.Rd1c1 Rd8c8
31.Nb5d4 Qe6f6
32.Nd4b5 Rc8d8
33.Qe2c2 Qf6f3
34.Kg1 Qf3f6
35.Kg2 Qf6f3
{ draw }
1/2-1/2

[Event "Match"]
[Site "www.echecsemail.com"]
[Date "2016.05.14"]
[Round "1"]
[White "Elogic"]
[Black "Kevinking"]
[WhiteElo "1770"]
[BlackElo "1890"]
[Result "0-1"]
[Round "1"]
1.e4 e6
2.f4 d5
3.e5 c5
4.c3 Nb8c6
5.Ng1f3 Bc8d7
6.b3 Ng8e7
7.g4 h5
8.gxh5 Rh8xh5
9.Nf3g5 g6
10.Bf1e2 Rh5h8
11.d4 cxd4
12.cxd4 Ne7f5
13.Bc1b2 Bf8e7
14.Ng5f3 Ra8c8
15.Bb2c3 Nf5e3
16.Qd1d2 Ne3g2
17.Kd1 Ng2h4
18.Nf3xh4 Be7xh4
19.a4 g5
20.b4 gxf4
 { time }
0-1

[Event "Match"]
[Site "www.echecsemail.com"]
[Date "2016.05.14"]
[Round "1"]
[White "Guidom"]
[Black "Genius7"]
[WhiteElo "2060"]
[BlackElo "1850"]
[Result "1-0"]
[Round "1"]
1.e4 e5
2.Ng1f3 Ng8f6
3.Nb1c3 Nb8c6
4.d3 Bf8b4
5.Bc1d2 d6
6.Bf1e2 O-O
7.O-O Nc6e7
8.a3 Bb4xc3
9.Bd2xc3 Ne7g6
10.Qd1d2 Ng6f4
11.g3 Nf4xe2
12.Qd2xe2 Bc8g4
13.Qe2e3 Qd8d7
14.Nf3h4 Bg4e6
15.f4 exf4
16.Rf1xf4 Nf6g4
17.Rf4xg4 Be6xg4
18.Ra1f1 Bg4e6
19.d4 Be6c4
20.Rf1f2 f6
21.d5 c6
22.b3 Bc4a6
23.Nh4f5 Ra8e8
24.Qe3f4 cxd5
25.exd5 Kh8
26.Nf5xd6 Re8d8
27.Bc3b4 Qd7c7
28.c4 Qc7d7
29.c5 b6
30.c6 Qd7c7
31.Rf2f3 Ba6c8
32.Rf3e3 a5
33.Nd6xc8 Qc7xc8
34.Bb4xf8 Rd8xf8
35.Re3e7 Rf8d8
36.Re7d7 h6
37.Qf4g4 Rd8g8
38.c7 { resign }
1-0

[Event "Match"]
[Site "www.echecsemail.com"]
[Date "2016.05.14"]
[Round "1"]
[White "Germancho95"]
[Black "Hurtadofredy"]
[WhiteElo "1550"]
[BlackElo "1570"]
[Result "1-0"]
[Round "1"]
1.e4 e6
2.Bf1b5 b6
3.Ng1f3 Bc8b7
4.e5 Bf8c5
5.d4 Bc5e7
6.c3 c6
7.Bb5c4 b5
8.Bc4b3 d5
9.Nb1d2 h6
10.Nd2f1 Nb8d7
11.Nf1g3 f6
12.Ng3h5 Kf8
13.Nf3h4 f5
14.Nh4g6 Kf7
15.Ng6xh8 Kf8
16.Nh8g6 Kf7
17.Ng6f4 g6
18.g4 gxh5
19.gxf5 exf5
20.Qd1xh5 Kf8
21.Nf4e6 { resign }
1-0

[Event "Match"]
[Site "www.echecsemail.com"]
[Date "2016.05.14"]
[Round "1"]
[White "Carazo"]
[Black "Pariolinius"]
[WhiteElo "1850"]
[BlackElo "2070"]
[Result "0-1"]
[Round "1"]
1.e4 d6
2.d4 g6
3.c4 Bf8g7
4.Ng1f3 Ng8f6
5.Bc1g5 Nb8c6
6.Bg5xf6 Bg7xf6
7.Bf1e2 O-O
8.Nb1c3 Bf6g7
9.O-O h6
10.d5 Nc6e5
11.Nf3d4 Bc8d7
12.f4 c5
13.Nd4f3 Ne5xf3
14.Be2xf3 a6
15.Qd1d2 Bg7d4
16.Kh1 b5
17.Nc3d1 b4
18.b3 a5
19.Ra1b1 e6
20.f5 exf5
21.Qd2xh6 Bd4g7
22.Qh6d2 Qd8f6
23.Bf3e2 Qf6d4
24.Qd2f4 Qd4xe4
25.Qf4xe4 fxe4
26.Rf1f4 Bd7f5
27.Nd1e3 Bf5d7
28.Rb1f1 Bg7e5
29.Rf4xe4 Kg7
30.Be2g4 f5
31.Bg4xf5 Bd7xf5
32.Re4h4 Ra8e8
 { time }
0-1

[Event "Match"]
[Site "www.echecsemail.com"]
[Date "2016.05.14"]
[Round "1"]
[White "Carazo"]
[Black "Chapi"]
[WhiteElo "1850"]
[BlackElo "2080"]
[Result "0-1"]
[Round "1"]
1.e4 c5
2.Ng1f3 Nb8c6
3.Nb1c3 d6
4.Bf1b5 Bc8d7
5.d3 g6
6.d4 cxd4
7.Nf3xd4 Bf8g7
8.Bb5xc6 bxc6
9.Qd1d3 Qd8b6
10.Bc1e3 c5
11.Nc3d5 Qb6b7
12.Nd4f3 Ng8f6
13.b3 Nf6xd5
14.Ra1d1 Nd5xe3
15.Qd3xe3 Qb7b4
16.Nf3d2 Qb4a3
17.O-O Qa3xa2
18.c4 O-O
19.Nd2f3 Ra8b8
20.Rd1d2 Qa2a6
21.Nf3g5 Bg7h6
22.f4 Rb8b4
23.Rd2d1 Rf8b8
24.Rd1a1 Qa6b7
25.h3 Rb4xb3
26.Qe3e1 f6
27.Ng5f3 Bh6xf4
28.Ra1d1 Rb3e3
29.Qe1h4 Qb7xe4
30.Nf3d2 Bf4h2
31.Kxh2 Qe4xh4
32.Nd2f3 Qh4h5
33.Rd1d2 Bd7g4
34.Nf3g1 a5
35.Rd2f2 a4
36.g3 Rb8b3
37.Rf2g2 Bg4e6
38.g4 Qh5e5
39.Kh1 Be6xc4
 { time }
0-1

[Event "Match"]
[Site "www.echecsemail.com"]
[Date "2016.05.14"]
[Round "1"]
[White "Pare123"]
[Black "Elogic"]
[WhiteElo "1980"]
[BlackElo "1770"]
[Result "1-0"]
[Round "1"]
1.c4 g6
2.d4 d5
3.c5 b6
4.b4 c6
5.e3 bxc5
6.bxc5 Bc8a6
7.Bf1xa6 Nb8xa6
8.Qd1a4 Na6b8
9.Nb1c3 a6
10.Ng1f3 Bf8g7
11.Bc1d2 e6
12.O-O Ng8e7
13.Ra1b1 O-O
14.Rb1b6 Ne7f5
15.Rf1b1 h6
16.Nc3e2 g5
17.Bd2a5 Qd8d7
18.Rb6b7 Qd7e8
19.Ba5c7 Nb8d7
20.Qa4xc6 Nd7f6
21.Qc6xe8 Rf8xe8
22.c6 Nf5e7
23.Rb7b6 Re8c8
24.Rb6b8 Ra8xb8
25.Rb1xb8 Rc8xb8
26.Bc7xb8 Ne7xc6
27.Bb8d6 Nf6e4
28.Bd6c7 Nc6b4
29.a3 Nb4d3
30.Bc7g3 h5
31.h4 g4
32.Nf3g5 Ne4xg5
33.hxg5 f5
34.Bg3d6 Kh7
35.Ne2f4 Nd3xf4
36.Bd6xf4 h4
37.a4 Kg6
38.Kf1  { time }
1-0

[Event "Match"]
[Site "www.echecsemail.com"]
[Date "2016.05.14"]
[Round "1"]
[White "Jhzes"]
[Black "Bojan"]
[WhiteElo "1809"]
[BlackElo "1910"]
[Result "1-0"]
[Round "1"]
1.d4 g6
2.Nb1c3 Bf8g7
3.Bc1f4 c6
4.e4 d6
5.h3 Nb8d7
6.Ng1f3 Ng8f6
7.g4 h5
8.g5 Nf6h7
9.h4 f6
10.Bf1c4 Nd7b6
11.Bc4b3 Bc8g4
12.Qd1d3 e5
13.Bf4g3 Qd8e7
14.Nf3d2 exd4
15.gxf6 Bg7xf6
16.Nc3a4 Nb6xa4
17.Bb3xa4 Kf7
18.f3 Bg4e6
19.f4 Be6g4
20.Kf2 Rh8e8
21.Ra1e1 Qe7c7
22.Ba4b3 Kg7
23.f5 g5
24.hxg5 Nh7xg5
25.Nd2c4 Ng5f3
26.Nc4xd6 Re8e5
27.Qd3xf3 Bg4xf3
28.Kxf3 Qc7xd6
29.Rh1xh5 Ra8h8
30.Re1g1 Kf8
31.Rh5xh8 Bf6xh8
32.Bg3xe5 Qd6xe5
33.Rg1g8 Ke7
34.Rg8g6 c5
35.Rg6e6 Kd7
36.Re6xe5 Bh8xe5
37.Bb3c4 Ke7
38.b3 a6
39.a4 Be5c7
40.Bc4d5 b6
41.Kg4 Kf6
42.Bd5c6 a5
43.Kh5 Bc7f4
44.Kg4 Bf4d2
45.Kf3 Kg5
46.Ke2 Bd2f4
47.Kd3 Bf4c7
48.Kc4 Kf6
49.Kb5 Ke5
50.Ka6 Bc7d8
51.Kb7 Kd6
52.f6 Bd8xf6
53.Kxb6 Bf6d8
54.Kb5 Kc7
55.Kxc5 Bd8e7
56.Kb5 Kd6
57.Bc6d5 Be7d8
58.Kc4 Bd8f6
59.b4 axb4
60.a5 d3
61.cxd3 b3
62.Kxb3 Kc5
63.Ka4 Bf6d8
64.Bd5b7 Bd8c7
65.a6 Kb6
66.d4 Bc7b8
67.e5 Bb8a7
68.e6 Kc7
69.d5 Kd6
70.Kb5 Ba7d4
71.Kc4 Bd4a7
72.Kd3 Ba7c5
73.Ke4 Ke7
74.Kf5 Bc5d4
75.Ke4 Bd4c5
76.Kd3 Kd6
77.Kc4 Bc5a7
78.Bb7c6 Ba7c5
79.Kb5 Bc5a7
80.Kc4 Ba7b6
81.Kd3 Bb6c5
82.Ke4 Ke7
83.Kf5 Bc5d4
84.Kg6 Bd4a7
85.Bc6b7 Ba7b8
86.Bb7c8 Bb8a7
87.d6 Ke8
88.d7 Ke7
89.Kf5 Ba7d4
90.Ke4 Bd4b6
91.Kd5 Kd8
92.Kc6 Bb6a7
93.Kb7 Ba7d4
94.a7 { resign }
1-0

[Event "Match"]
[Site "www.echecsemail.com"]
[Date "2016.05.14"]
[Round "1"]
[White "Elogic"]
[Black "Karlgrocer"]
[WhiteElo "1860"]
[BlackElo "2060"]
[Result "0-1"]
[Round "1"]
1.e4 d6
2.d4 e6
3.g3 Ng8f6
4.Bf1g2 Bf8e7
5.c3 O-O
6.Qd1f3 Nb8d7
7.Ng1e2 Ra8b8
8.O-O b6
9.Bc1e3 Bc8b7
10.Nb1d2 e5
11.dxe5 Nd7xe5
12.Qf3f4 Ne5g6
13.Qf4f5 c5
14.Ne2f4 Bb7c8
15.Nf4xg6 Bc8xf5
16.Ng6xf8 Be7xf8
17.exf5 Nf6g4
18.Be3f4 Qd8f6
19.h3 Ng4e5
20.g4 Ne5d3
21.Nd2e4 Qf6d8
22.Ra1d1 Nd3xf4
23.Rf1e1 Nf4xg2
24.Kxg2 Qd8c7
25.Rd1d3 Qc7c6
26.f3 Rb8d8
27.g5 d5
28.Ne4g3 d4
29.Ng3h5 Qc6d5
30.Re1e4 Qd5xf5
31.cxd4 Qf5xg5
32.Nh5g3 h5
33.h4 Qg5g6
34.d5 Bf8d6
35.f4 Qg6g4
36.Rd3f3 Qg4xh4
 { time }
0-1

[Event "Match"]
[Site "www.echecsemail.com"]
[Date "2016.05.14"]
[Round "1"]
[White "Chapi"]
[Black "Plymouth"]
[WhiteElo "2090"]
[BlackElo "2040"]
[Result "1-0"]
[Round "1"]
1.d4 d5
2.c4 e6
3.Nb1c3 c6
4.cxd5 exd5
5.Ng1f3 Ng8f6
6.Bc1g5 Bf8e7
7.e3 O-O
8.Bf1d3  { time }
1-0

[Event "1/128 Finale"]
[Site "www.chess-mail.com"]
[Date "2016.05.14"]
[Round "1"]
[White "Mitja"]
[Black "Ipswich"]
[WhiteElo "1860"]
[BlackElo "1550"]
[Result "1-0"]
[Round "1"]
1.d4 d5
2.e3 Ng8f6
3.c3 g6
4.h3 Bf8g7
5.Ng1f3 O-O
6.Nb1d2 Nb8d7
7.Nd2b3 b6
8.Bf1d3 Bc8b7
9.Bd3c2 c5
10.dxc5  { time }
1-0

[Event "Eq:chibcha-Los Tercios : "]
[Site "www.chess-mail.com"]
[Date "2016.05.14"]
[Round "1"]
[White "Whitekknight"]
[Black "Azorau"]
[WhiteElo "1920"]
[BlackElo "1910"]
[Result "1-0"]
[Round "1"]
1.e4 e5
2.Ng1f3 Ng8f6
3.Nf3xe5 Nf6xe4
4.Qd1e2 d5
5.d3 Qd8e7
6.dxe4 Qe7xe5
7.exd5 Qe5xe2
8.Bf1xe2 Bf8d6
9.c4 O-O
10.O-O Rf8e8
11.Nb1c3 Bd6b4
12.Be2f3 Bb4xc3
13.bxc3 a5
14.Bc1e3 Bc8f5
15.Ra1d1 Bf5c2
16.Rd1d2 Bc2f5
17.h3 Nb8d7
18.g4 Bf5e4
19.Bf3e2 Ra8d8
20.Be3d4 b6
21.f3 Be4g6
22.h4 f6
23.h5 Bg6f7
24.Be2d1 h6
25.f4 Nd7b8
26.Rd2e2 c5
27.Bd4f2 f5
28.Re2xe8 Rd8xe8
29.Kh2 Re8e4
30.Kg3 Re4xc4
31.Bf2e1 b5
32.gxf5 Bf7xd5
33.Bd1b3 Rc4e4
34.Bb3xd5 Kh7
35.Bd5xe4 Kh8
36.Be4d3 c4
37.Bd3e4 b4
38.cxb4 axb4
39.Be1xb4 { resign }
1-0

[Event "Tourn. n8651"]
[Site "www.chess-mail.com"]
[Date "2016.05.15"]
[Round "1"]
[White "Ditto"]
[Black "Elogic"]
[WhiteElo "1620"]
[BlackElo "1900"]
[Result "1-0"]
[Round "1"]
1.e4 g6
2.Bf1c4 e6
3.d3 Bf8g7
4.Ng1f3 c6
5.Bc1g5 f6
6.Bg5e3 b5
7.Bc4b3 a5
8.c3 a4
9.Bb3c2 e5
10.O-O d5
11.exd5 Qd8xd5
12.Nb1d2 Bc8e6
13.Rf1e1 Ng8e7
14.b3 axb3
15.Bc2xb3 Qd5d6
16.Nd2e4 Qd6c7
17.Ne4c5 Be6d5
18.Bb3xd5 Ne7xd5
19.Be3d2 O-O
20.Nc5e6 Qc7e7
21.Ne6xf8 Bg7xf8
22.Qd1b3 h5
23.Nf3h4 g5
24.Nh4f5 Qe7c5
25.Nf5g3 Nb8d7
26.Ng3e4 Qc5e7
27.c4 bxc4
28.dxc4 Nd5c7
29.c5 Kh8
30.Qb3b7 Nd7xc5
31.Ne4xc5 Qe7xc5
32.Qb7xc7  { time }
1-0

[Event "Tourn. n8639"]
[Site "www.chess-mail.com"]
[Date "2016.05.15"]
[Round "1"]
[White "Tonino1"]
[Black "Piwi123"]
[WhiteElo "2120"]
[BlackElo "2110"]
[Result "0-1"]
[Round "1"]
1.d4 d5
2.Ng1f3 Nb8c6
3.e3 Ng8f6
4.b3 Bc8g4
5.Bc1b2 e6
6.a3 Bf8e7
7.Nb1d2 O-O
8.Bf1d3 a5
9.O-O h6
10.h3 Bg4h5
11.g4 Bh5g6
12.Bd3xg6 fxg6
13.Nf3e5 Nc6xe5
14.Qd1e2 Ne5d7
15.f4 b6
16.Nd2f3 Nf6e4
17.Kg2 g5
18.fxg5 hxg5
19.Nf3e5 Nd7xe5
20.dxe5 Rf8xf1
21.Ra1xf1 c5
22.Rf1d1 a4
23.Qe2b5 Qd8c7
24.bxa4 Be7f6
25.c4 Bf6xe5
26.cxd5 Be5d4
 { time }
0-1

[Event "Tourn. n8683"]
[Site "www.chess-mail.com"]
[Date "2016.05.15"]
[Round "1"]
[White "Azulmarino"]
[Black "Taxrama"]
[WhiteElo "1430"]
[BlackElo "1499"]
[Result "1-0"]
[Round "1"]
1.e4 e5
2.Ng1f3 d6
3.Bf1c4 h6
4.d3 Bf8e7
5.Nb1c3 Bc8g4
6.h3 Bg4d7
7.Nf3xe5 dxe5
8.Qd1f3 Ng8f6
9.Nc3d5 b5
10.Nd5xf6 Be7xf6
11.b4 O-O
12.Qf3g3 Kh8
13.O-O Bf6h4
14.Qg3f3 bxc4
15.dxc4 Bd7e6
16.g3 Be6xc4
17.Bc1b2 Nb8c6
18.Rf1d1 Qd8c8
19.gxh4 Qc8a6
20.Kh2 Bc4e2
21.Qf3g3 Be2xd1
22.Ra1xd1 f6
23.Qg3g6 Ra8d8
24.Rd1g1 Rf8g8
25.Bb2c1 Nc6e7
26.Qg6h5 Kh7
27.Rg1xg7 Kxg7
28.Bc1xh6 Kh7
29.Bh6f8 
1-0

[Event "Tourn. n8745"]
[Site "www.chess-mail.com"]
[Date "2016.05.15"]
[Round "1"]
[White "Bojan"]
[Black "Falcoale"]
[WhiteElo "1890"]
[BlackElo "1800"]
[Result "1-0"]
[Round "1"]
1.c4 Nb8c6
2.d4 e6
3.a3 b6
4.b4 Bc8b7
5.e4 Qd8h4
6.Qd1d3 Ng8f6
7.Nb1c3 Bf8e7
8.Ng1f3 Qh4h5
9.h3 Nc6d8
10.Bf1e2 d5
11.cxd5 Nf6xd5
12.Nf3e5 Qh5h4
13.g3 Nd5xc3
14.gxh4 Nc3xe4
15.Be2f3 f5
16.Bc1g5 Be7xg5
17.hxg5 g6
18.Qd3c2 O-O
19.Ne5d7 Rf8f7
20.Nd7f6 Ne4xf6
21.Bf3xb7 Nd8xb7
22.gxf6 Rf7xf6
23.Qc2xc7 Rf6f7
24.Qc7f4 Ra8e8
25.Ra1c1 Re8d8
26.O-O Nb7d6
27.Rc1c6 Nd6e4
28.f3 g5
29.Qf4e3 Ne4g3
30.Rf1f2 f4
31.Qe3xe6 Ng3f5
32.Rc6c8 { resign }
1-0

[Event "Tourn. n8782"]
[Site "www.chess-mail.com"]
[Date "2016.05.15"]
[Round "1"]
[White "Vitoriccardo"]
[Black "Bojan"]
[WhiteElo "1920"]
[BlackElo "1940"]
[Result "1-0"]
[Round "1"]
1.e4 g6
2.d4 c6
3.Ng1f3 Bf8g7
4.Nb1c3 d6
5.Bc1e3 h5
6.Qd1d2 Bg7h6
7.Be3xh6 Ng8xh6
8.O-O-O Bc8e6
9.Nf3g5 Be6d7
10.Bf1c4 Qd8c8
11.Qd2f4 f5
12.Rh1e1 Rh8f8
13.Ng5h7 Nh6f7
14.Nh7xf8 Kxf8
15.e5 d5
16.Bc4d3 Kg7
17.Nc3a4 e6
18.f3 Qc8f8
19.Na4c5 Bd7e8
20.Nc5xe6 Kg8
21.Ne6xf8 { resign }
1-0

[Event "Tourn. n8680"]
[Site "www.chess-mail.com"]
[Date "2016.05.15"]
[Round "1"]
[White "Numanoid"]
[Black "Tonino1"]
[WhiteElo "2460"]
[BlackElo "2270"]
[Result "1-0"]
[Round "1"]
1.e4 c5
2.Nb1c3 e6
3.Ng1f3 d5
4.exd5 exd5
5.Bf1b5 Bc8d7
6.Qd1e2 Qd8e7
7.Bb5xd7 Kxd7
8.Nc3xd5 Qe7xe2
9.Kxe2 Nb8c6
10.d3 Ra8e8
11.Kd1 h6
12.Rh1e1 Bf8d6
13.Re1xe8 Kxe8
14.Bc1f4 Bd6xf4
15.Nd5xf4 Ng8f6
16.h3 O-O
17.Kd2 g5
18.Nf4e2 Rf8e8
19.Ne2c3 a6
20.Ra1e1 Re8d8
21.Kc1 b5
22.Nc3e4 Nf6xe4
23.Re1xe4 a5
24.Nf3e5 Nc6d4
25.Re4e3 Rd8e8
26.Ne5f3 Re8xe3
27.fxe3 Nd4f5
28.Kd2 f6
29.e4 Nf5e7
30.d4 c4
31.Kc3 Kf7
32.a4 bxa4
33.Kxc4 h5
34.Kb5 a3
35.bxa3  { time }
1-0

[Event "Tourn. n8718"]
[Site "www.chess-mail.com"]
[Date "2016.05.15"]
[Round "1"]
[White "Mars91"]
[Black "Raven16"]
[WhiteElo "2020"]
[BlackElo "2140"]
[Result "1/2-1/2"]
[Round "1"]
1.Ng1f3 Ng8f6
2.g3 g6
3.Bf1g2 Bf8g7
4.d4 d5
5.O-O O-O
6.Nf3e5 c6
7.Nb1d2 Nb8d7
8.Nd2f3 Nd7xe5
9.Nf3xe5 Nf6d7
10.Ne5xd7 Bc8xd7
11.c3 e5
12.dxe5 Bg7xe5
13.Bc1h6 Rf8e8
14.Qd1d2 Be5g7
15.Bh6xg7 Kxg7
16.e3 Qd8b6
17.Rf1e1 Ra8d8
18.Ra1d1 Bd7g4
19.Rd1c1 f6
20.h3 Bg4e6
21.b3 Be6f5
22.Qd2d4 Qb6xd4
23.cxd4 { draw }
1/2-1/2

[Event "Tourn. n8765"]
[Site "www.chess-mail.com"]
[Date "2016.05.15"]
[Round "1"]
[White "Romaamor69"]
[Black "Umzi"]
[WhiteElo "2119"]
[BlackElo "2140"]
[Result "1-0"]
[Round "1"]
1.c4 e5
2.g3 Bf8c5
3.Bf1g2 c6
4.d3 Qd8f6
5.Ng1f3 d6
6.Nb1c3 Bc5b6
7.O-O h6
8.d4 exd4
9.Nc3e4 Qf6e7
10.Nf3xd4 Ng8f6
11.Nd4f5 Bc8xf5
12.Ne4xd6 Kf8
13.Nd6xf5 Qe7c5
14.Qd1d6 { resign }
1-0

[Event "Tourn. n8722"]
[Site "www.chess-mail.com"]
[Date "2016.05.15"]
[Round "1"]
[White "Claudia"]
[Black "Osmundw"]
[WhiteElo "999"]
[BlackElo "1350"]
[Result "1-0"]
[Round "1"]
1.d4 d6
2.Ng1f3 e5
3.dxe5 g5
4.Bc1xg5 f6
5.exf6 Nb8c6
6.f7 Kxf7
7.Bg5xd8 Nc6xd8
8.Qd1d5 Bc8e6
9.Nf3g5 Kg7
10.Ng5xe6 Nd8xe6
11.Qd5xe6 Ra8e8
12.Qe6xe8 Ng8f6
13.Qe8e6 Nf6g8
14.e4 Bf8e7
15.Bf1c4 b5
16.Qe6f7 Kh6
17.Bc4e2 Ng8f6
18.Qf7xe7 Rh8g8
19.Qe7xf6 Rg8g6
20.Qf6f8 Kg5
21.h4 { resign }
1-0

[Event "Tourn. n8723"]
[Site "www.chess-mail.com"]
[Date "2016.05.15"]
[Round "1"]
[White "Osopanda"]
[Black "Elogic"]
[WhiteElo "1990"]
[BlackElo "1860"]
[Result "1-0"]
[Round "1"]
1.d4 Ng8f6
2.Bc1g5 Nf6e4
3.Bg5f4 d5
4.f3 Ne4d6
5.e3 Bc8f5
6.Nb1d2 a6
7.Bf1d3 Bf5xd3
8.cxd3 Nb8c6
9.Ng1e2 f6
10.O-O e5
11.dxe5 fxe5
12.Bf4g3 Qd8e7
13.Ra1c1 h5
14.Bg3f2 h4
15.d4 e4
16.fxe4 Nd6xe4
17.Nd2xe4  { time }
1-0

[Event "Tourn. n8666"]
[Site "www.chess-mail.com"]
[Date "2016.05.15"]
[Round "1"]
[White "Osopanda"]
[Black "Xkafi"]
[WhiteElo "2050"]
[BlackElo "2010"]
[Result "0-1"]
[Round "1"]
1.d4 d5
2.c4 Bc8f5
3.Nb1c3 Ng8f6
4.cxd5 Nf6xd5
5.Qd1a4 Nb8c6
6.Ng1f3 f6
7.e3 Nd5b6
8.Qa4d1 a6
9.Bf1d3 Bf5g4
10.O-O e5
11.dxe5 Nc6xe5
12.Bd3e2 Bg4xf3
13.Qd1xd8 Ra8xd8
14.Be2xf3 Ne5xf3
15.gxf3 Nb6c4
16.b3 Nc4e5
17.Kg2 Bf8b4
18.Nc3e2 Kf7
19.a3 Bb4d6
20.Bc1b2 Ne5g6
21.f4 Ng6h4
22.Kh3 Nh4f5
23.Ra1d1 Rh8e8
24.Ne2g3 Nf5h6
25.Rd1d3 Ke6
26.Rf1d1 Re8e7
27.f5 Kf7
28.b4 g6
29.fxg6 hxg6
30.f4 Rd8h8
31.Kg2 Nh6g4
32.h3 Ng4xe3
33.Rd3xe3 Re7xe3
34.Bb2d4 Re3xa3
35.Bd4c5 Bd6xf4
36.Ng3e2 Bf4e5
37.Rd1d7 Ke6
38.Rd7e7 Kf5
39.Bc5f2 Rh8xh3
40.Bf2g1 Rh3h4
41.b5 axb5
42.Bg1c5 Rh4g4
43.Kf2 Ra3a2
44.Bc5e3 Rg4h4
45.Kf3 Rh4h3
{ resign }
0-1

[Event "Tourn. n8644"]
[Site "www.chess-mail.com"]
[Date "2016.05.15"]
[Round "1"]
[White "Yangqi"]
[Black "Mrfunk"]
[WhiteElo "2650"]
[BlackElo "2210"]
[Result "0-1"]
[Round "1"]
1.e4 c5
2.Ng1f3 d6
3.Bf1b5 Nb8d7
4.d4 cxd4
5.Qd1xd4 a6
6.Bb5xd7 Bc8xd7
7.c4 Ng8f6
8.Nb1c3 g6
9.O-O Bf8g7
10.c5 Bd7c6
11.cxd6 Qd8xd6
12.Rf1e1 O-O
13.Bc1g5 Qd6xd4
14.Nf3xd4 Nf6xe4
15.Nd4xc6 Ne4xg5
16.Nc6xe7 Kh8
17.Ne7d5 Ng5e6
18.Ra1d1 b5
19.g3 Rf8d8
20.Kg2 Ra8c8
21.a3 Rc8c4
22.Nd5b6 Rc4d4
23.Nb6d5 Rd4xd1
24.Re1xd1 Kg8
25.Nd5e7 Kf8
26.Rd1xd8 Ne6xd8
27.Ne7d5 Nd8e6
28.a4 Bg7xc3
29.Nd5xc3 bxa4
30.Nc3xa4 Ke7
31.f4 Kd6
32.Kf3 Kd5
33.Na4b6 Kd4
34.Ke2 Ne6c5
35.Kd2 a5
36.Kc2 h5
37.Nb6c8 Ke3
38.f5 g5
39.Nc8d6 f6
40.Nd6e8 Nc5d7
41.Kc3 Kf2
42.Kc4 Kg2
43.Kd5 Kxh2
44.Kd6 h4
45.gxh4 g4
46.h5 g3
47.h6 Nd7f8
48.Ke7 Nf8h7
49.Ne8xf6 g2
50.Nf6xh7 g1Q
51.Nh7f6 Kg3
52.h7 Qg1h2
53.Kf7 Kf4
54.Kg6 Qh2g3
55.Kf7 Qg3h4
56.Ke6 Qh4h6
57.b3 Kg5
58.h8Q Qh6xh8
{ resign }
0-1

[Event "Tourn. n8630"]
[Site "www.chess-mail.com"]
[Date "2016.05.15"]
[Round "1"]
[White "Roserl"]
[Black "Louis"]
[WhiteElo "1900"]
[BlackElo "1870"]
[Result "0-1"]
[Round "1"]
1.e4 e5
2.Ng1f3 Nb8c6
3.Bf1b5 Ng8f6
4.O-O Nf6xe4
5.d4 Ne4d6
6.Bb5xc6 dxc6
7.dxe5 Nd6f5
8.Qd1xd8 Kxd8
9.Rf1d1 Ke8
10.Nb1c3 a5
11.Bc1g5 Bc8e6
12.a3 Bf8c5
13.Nc3e4 Bc5b6
14.Rd1d2 h6
15.Bg5h4 Nf5xh4
16.Nf3xh4 Ra8d8
17.Ra1d1 Rd8xd2
18.Rd1xd2 Ke7
19.Kh1 Rh8d8
20.Rd2xd8 Kxd8
21.c3 Be6d5
22.Ne4d2 Bb6xf2
23.Nh4f5 g6
24.Nf5d4 h5
25.h3 Bf2e3
26.Nd2b3 b6
27.Nd4c2 Be3f4
28.Nb3d4 Bf4xe5
29.Nd4f3 Be5f4
30.Nc2e1 Ke7
31.Ne1d3 Bf4e3
32.Kh2 c5
33.b4 f6
34.Kg3 cxb4
35.cxb4 c5
36.bxc5 bxc5
37.Nf3e1 c4
38.Nd3f4 h4
39.Kg4 Bd5f7
40.Ne1c2 f5
41.Kf3 Be3c5
42.g3 g5
43.Nf4e2 Bf7d5

0-1

[Event "Tourn. n8760"]
[Site "www.chess-mail.com"]
[Date "2016.05.15"]
[Round "1"]
[White "Daquata"]
[Black "Cal"]
[WhiteElo "1670"]
[BlackElo "1560"]
[Result "1-0"]
[Round "1"]
1.e4 e5
2.Ng1f3 d6
3.d4 exd4
4.Nf3xd4 c5
5.Nd4f3 a6
6.Nb1c3 h6
7.Bf1e2 Ng8f6
8.O-O Bf8e7
9.Bc1f4 Nb8c6
10.e5 dxe5
11.Nf3xe5 Nc6xe5
12.Bf4xe5 Bc8d7
13.Be2f3 O-O
14.Bf3xb7 Ra8a7
15.Bb7f3 Nf6h7
16.Qd1e2 Bd7e6
17.Rf1d1 f6
18.Rd1xd8 Be7xd8
19.Be5b8 Ra7e7
20.Bb8d6 { resign }
1-0

[Event "Tourn. n8690"]
[Site "www.chess-mail.com"]
[Date "2016.05.15"]
[Round "1"]
[White "Gearoidmac"]
[Black "Loper10"]
[WhiteElo "2309"]
[BlackElo "2650"]
[Result "0-1"]
[Round "1"]
1.e4 c5
2.Ng1f3 d6
3.d4 cxd4
4.Nf3xd4 Ng8f6
5.Nb1c3 a6
6.f4 e6
7.Bc1e3 Qd8c7
8.a3 e5
9.Nd4b3 Nb8d7
10.Qd1f3 Bf8e7
11.O-O-O Nd7c5
 { time }
0-1

[Event "Tourn. n8702"]
[Site "www.chess-mail.com"]
[Date "2016.05.15"]
[Round "1"]
[White "Milkyway"]
[Black "Awfen"]
[WhiteElo "2269"]
[BlackElo "2060"]
[Result "0-1"]
[Round "1"]
1.d4 d5
2.Bc1f4 Nb8c6
3.e3 f5
4.Ng1f3 Ng8f6
5.Bf1b5 Bc8d7
6.O-O Nf6h5
7.c3 e6
8.Bb5xc6 Bd7xc6
9.Nf3e5 Nh5xf4
10.exf4 Qd8f6
11.Nb1d2 Bf8d6
12.Nd2f3 O-O
13.Rf1e1 Bc6e8
14.Qd1d2 Ra8d8
15.Re1e3 Qf6h6
16.Ra1e1 Be8h5
17.b4 Qh6xf4
18.g3 Qf4h6
19.a3 f4
20.gxf4 Qh6xf4
21.Qd2d3 Bd6xe5
22.dxe5 Bh5xf3
{ resign }
0-1

[Event "Tourn. n8712"]
[Site "www.chess-mail.com"]
[Date "2016.05.15"]
[Round "1"]
[White "Matchbox"]
[Black "Elogic"]
[WhiteElo "1810"]
[BlackElo "1800"]
[Result "1-0"]
[Round "1"]
1.e4 g6
2.g3 e5
3.Bf1g2 Qd8e7
4.Nb1c3 c6
5.Ng1e2 b5
6.d4 a5
7.dxe5 Qe7xe5
8.O-O a4
9.a3 Bc8b7
10.Bc1f4 Qe5c5
11.Bf4e3 Qc5e7
12.Be3d4 f6
13.Qd1d2 Bf8h6
14.Bd4e3 Bh6xe3
15.Qd2xe3 d6
16.Ra1d1 Nb8d7
17.Qe3d4 O-O-O
18.Qd4xd6 Qe7xd6
19.Rd1xd6 h5
20.Rf1d1 Ng8e7
21.Ne2f4 Nd7c5
22.Rd6xd8 Rh8xd8
23.Rd1xd8 Kxd8
24.Kf1 Bb7a6
25.Ke1  { time }
1-0

[Event "Tourn. n8719"]
[Site "www.chess-mail.com"]
[Date "2016.05.15"]
[Round "1"]
[White "Elogic"]
[Black "Sandokam"]
[WhiteElo "1850"]
[BlackElo "2089"]
[Result "0-1"]
[Round "1"]
1.e4 c6
2.f4 d5
3.Nb1c3 dxe4
4.Nc3xe4 Bc8f5
5.Qd1f3 h6
6.Ne4c5 Qd8c7
7.Bf1d3 Bf5xd3
8.Nc5xd3 e6
9.Ng1e2 Ng8f6
10.b4 Nb8d7
11.c4 Bf8e7
12.a3 O-O
13.O-O c5
14.b5 b6
15.Bc1b2 Be7d6
16.Bb2c3 Ra8d8
17.g3 e5
18.fxe5 Bd6xe5
19.Nd3xe5 Nd7xe5
20.Bc3xe5 Qc7xe5
21.d3 Rf8e8
22.Ra1e1 Qe5b2
23.a4 Qb2c2
24.Ne2f4 Re8xe1
25.Rf1xe1 Qc2xa4
26.Re1e7 Rd8d7
27.Qf3a8 Kh7
 { time }
0-1